| 000 | 00397nam a22001577a 4500 | ||
|---|---|---|---|
| 020 | _a9780070634244 | ||
| 040 | _cNUST | ||
| 082 | _a621.3815 MAL | ||
| 100 |
_aMalvino Albert, _987359 |
||
| 110 |
_aBates David J _991801 |
||
| 245 | _aElectronic Principles | ||
| 250 | _a7th Edition | ||
| 260 |
_aIndia: _bMcGraw Education, _c2007. |
||
| 650 |
_aElectronic Principles _991802 |
||
| 942 |
_2ddc _cBK |
||
| 999 |
_c589929 _d589929 |
||